<?xml version="1.0" encoding="UTF-8"?>
<record
    xmlns:xsi="http://www.w3.org/2001/XMLSchema-instance"
    xsi:schemaLocation="http://www.loc.gov/MARC21/slim http://www.loc.gov/standards/marcxml/schema/MARC21slim.xsd"
    xmlns="http://www.loc.gov/MARC21/slim">

  <leader>00531nam a2200181 i 4500</leader>
  <controlfield tag="001">96060</controlfield>
  <controlfield tag="003">ES-MaACL</controlfield>
  <controlfield tag="005">20230906181829.0</controlfield>
  <controlfield tag="007">t|</controlfield>
  <controlfield tag="008">050610s1979    sp           ||||1| spa d</controlfield>
  <datafield tag="100" ind1="1" ind2=" ">
    <subfield code="a">Madariaga, Salvador de,</subfield>
    <subfield code="d">1886-1978</subfield>
    <subfield code="9">75292</subfield>
  </datafield>
  <datafield tag="245" ind1="1" ind2="3">
    <subfield code="a">El auge y el ocaso del Imperio espa&#xF1;ol en Am&#xE9;rica / </subfield>
    <subfield code="c">Salvador de Madariaga.</subfield>
  </datafield>
  <datafield tag="250" ind1=" " ind2=" ">
    <subfield code="a">2&#xAA; ed.</subfield>
  </datafield>
  <datafield tag="260" ind1=" " ind2=" ">
    <subfield code="a">Madrid : </subfield>
    <subfield code="b">Espasa-Calpe, </subfield>
    <subfield code="c">1979.</subfield>
  </datafield>
  <datafield tag="300" ind1=" " ind2=" ">
    <subfield code="a">735 p. ; </subfield>
    <subfield code="c">23 cm.</subfield>
  </datafield>
  <datafield tag="852" ind1=" " ind2=" ">
    <subfield code="a">ES-MaACL</subfield>
    <subfield code="j">L-1973 </subfield>
    <subfield code="b">R.102877</subfield>
  </datafield>
  <datafield tag="999" ind1=" " ind2=" ">
    <subfield code="c">96060</subfield>
    <subfield code="d">96060</subfield>
  </datafield>
  <datafield tag="952" ind1=" " ind2=" ">
    <subfield code="0">0</subfield>
    <subfield code="1">0</subfield>
    <subfield code="4">0</subfield>
    <subfield code="7">0</subfield>
    <subfield code="a">ATENEOM</subfield>
    <subfield code="b">ATENEOM</subfield>
    <subfield code="c">DEPO2</subfield>
    <subfield code="d">2008-01-17</subfield>
    <subfield code="e">SC</subfield>
    <subfield code="l">0</subfield>
    <subfield code="o">L-1973</subfield>
    <subfield code="p">1100296</subfield>
    <subfield code="r">2023-02-23 00:00:00</subfield>
    <subfield code="w">2023-02-23</subfield>
    <subfield code="y">MONOGRAFIA</subfield>
  </datafield>
</record>
